Can you name the districts of East Punjab? - Statistics

General Stats
  • This quiz has been taken 7 times
  • The average score is 13 of 23
Answer Stats
Answer % Correct
Amritsar
100%
Ludhiana
100%
Jalandhar
83%
Bathinda
67%
Firozpur
67%
Pathankot
67%
Patiala
67%
Sahibzada Ajit Singh Nagar
67%
Barnala
50%
Faridkot
50%
Fazilka
50%
Gurdaspur
50%
Hoshiarpur
50%
Kapurthala
50%
Malerkotla
50%
Mansa
50%
Moga
50%
Rupnagar
50%
Sangrur
50%
Shaheed Bhagat Singh Nagar
50%
Tarn Taran
50%
Fatehgarh Sahib
33%
Sri Muktsar Sahib
33%
No matching quizzes found
Score Distribution
Percent of People with Each Score
Percentile by Number Answered
Your Score History
You have not taken this quiz